| 000 | 00565nam a22001817a 4500 | ||
|---|---|---|---|
| 003 | PILC | ||
| 005 | 20150601163113.0 | ||
| 008 | 150601b xxu||||| |||| 00| 0 eng d | ||
| 020 | _a9780307478429 | ||
| 050 |
_aPC 2073 _b.Es78 2010 |
||
| 245 |
_aEssential french / _cedited by Shaina Malkin and Christine Boucher. |
||
| 260 |
_aUSA : _bLiving Language, _c2010. |
||
| 300 |
_a272 pages : _billustrations (some color) ; _c23 cm + _e1 notebook. |
||
| 500 | _aIncludes glossary. | ||
| 700 | _aMalkin, Shaina. | ||
| 700 | _aBoucher, Christine. | ||
| 942 |
_2lcc _cBK _kFOR |
||
| 999 |
_c284568 _d284568 |
||